Statistics for Brighton & Hove Albion all-time top scorers

Click here to take the quiz!

General Stats

  • This quiz has been taken 6 times
  • The average score is 4 of 10

Answer Stats

GoalsNationalityPlayer% Correct
32GermanyPascal Groß
100%
111EnglandGlenn Murray
80%
31EnglandLewis Dunk
60%
51EnglandBobby Zamora
40%
28ArgentinaLeonardo Ulloa
40%
53EnglandAshley Barnes
20%
33IsraelTomer Hemed
20%
34EnglandLeon Knight
0%
37IrelandMichael Robinson
0%
51EnglandNicky Forster
0%

Score Distribution

Percentile by Number Answered

Percent of People with Each Score

Your Score History

You have not taken this quiz